=LDR 00000nam 2200000 4500 =001 NUTBA000000000004425 =005 20251030075523 =035 ##$$a 0010-091400000000458 =008 251030################a##########0#ind## =040 ##$$a NBPDMAT =082 ##$$a 372.62 =084 ##$$a 372.62 Sri j =100 ##$$a Sri Hartatik =245 1#$$a Juara 1 pintar menulis huruf pendek tegak bersambung /$c Sri Hartatik =250 ##$$a Cet. 1 =260 ##$$a Jakarta :$b Aksara Press,$c 2010 =300 ##$$a 32 hlm. : $b ilus. ; $c 29 cm. =650 #4$$a Menulis =990 ##$$a 21409282 =990 ##$$a 21409283 =990 ##$$a 21409284 =990 ##$$a 21409285 =990 ##$$a 21409286 =990 ##$$a 21409286 =990 ##$$a 21409282 =990 ##$$a 21409283 =990 ##$$a 21409284 =990 ##$$a 21409285